1175 1489 1954 1125 1845 1176 1075 1488 1911 1913 1193 1786 1398 1076 1552 1587 1051 1206 1948 1735 1011 1778 1689 1292 1829 1205 1818 1198 1332 1353 1900 1611 1015 1957 1149 1755 1603 1248 1799 1892 1745 1650 1087 1779 1123 1303 1071 1974 1733 1049 1621 1043 1338 1516 1833 1764 1504 1140 1261 1011 1050 1407 1230 1208 1311 1846 1062 1156 1181 1537 1079 1592 1715 1175 1651 1361 1502 1823 1149 1695 1288 1394 1430 1752 1222 1625 1590 1886 1950 1281 1248 1301 1410 1481 1154 1020 1716 1794 1965 BCNSPRNW ULIB Ver.6.0+V

เปลี่ยนเป็นภาษาไทย

Change to English
 แสดงรายละเอียดบรรณานุกรม
  กลับหน้าหลัก

Brief Record : Get Marc (ISO 2709) : E-mail record : QR code < ปิดหน้าต่าง
LEADER : 00000nam 2200000uu 4500
001    13399127338
003     ULIB
008    200428s2562||||th 000 0 tha d
020    ^a9786169284765
060    ^aWO275^bว671ก
100    ^aวิมลรัตน์ ศรีราช อรลักษณ์ รอดอนันต์ นรุตม์ เรือนอนุกูล และปัณณวิชญ์ เบญจวลีย์มาศ
245    ^aก้าวไกล วิสัญญี 4.0
250    ^aพิมพ์ครั้งที่ 1
260    ^aกรุงเทพฯ :^bธนาเพรส,^c2562
300    ^a498 หน้า^bภาพประกอบ, ตาราง, ภาคผนวก
650    ^aวิสัญญี
945    ^p400^l0^i28196
945    ^p400^l0^i28197
945    ^p400^l0^i28198
999    ^aกัณชพร จุลอักษร
รายการนี้ยังไม่มีแท็ก
คุณยังไม่ได้ล็อกอิน คุณสามารถมีกิจกรรมร่วมกับเว็บไซต์ได้ แต่ต้องล็อกอินก่อน ::
  ล็อกอิน

รายการสื่อสารสนเทศ

ลำดับที่ ประเภท เลขเรียก/บาร์โค้ด สถานที่ สถานะ
1. วิทยาศาสตร์การแพทย์ และสุขภาพ
วิทยาศาสตร์การแพทย์ และสุขภาพ
WO275 ว671ก ฉ.1 
  Barcode: 28196
ห้องสมุดวิทยาเขตนครสวรรค์
►หนังสือทั่วไป:l:General Books
บนชั้น
2. วิทยาศาสตร์การแพทย์ และสุขภาพ
วิทยาศาสตร์การแพทย์ และสุขภาพ
WO275 ว671ก ฉ.2 
  Barcode: 28197
ห้องสมุดวิทยาเขตนครสวรรค์
►หนังสือทั่วไป:l:General Books
บนชั้น
3. วิทยาศาสตร์การแพทย์ และสุขภาพ
วิทยาศาสตร์การแพทย์ และสุขภาพ
WO275 ว671ก ฉ.3 
  Barcode: 28198
ห้องสมุดวิทยาเขตนครสวรรค์
►หนังสือทั่วไป:l:General Books
บนชั้น

รายการใกล้เคียง
    ชื่อเรื่อง [ก้าวไกล วิสัญญี 4.0]

    ผู้แต่ง [วิมลรัตน์ ศรีราช อรลักษณ์ รอดอนันต์ นรุตม์ เรือนอนุกูล และปัณณวิชญ์ เบญจวลีย์มาศ]

    หัวเรื่อง [วิสัญญี]

BibComment


ยังไม่เคยถูกคอมเมนท์

คอมเมนท์ทรัพยากรรายการนี้
  คอมเมนท์: ก้าวไกล วิสัญญี 40


 Copyright 2026. Bcnsprnw @Library